Liput yössä (mustavalkoinen) - Statistics

Yleistilastot
  • Tätä visaa on pelattu 27 kertaa
    21 viimeisimmän päivityksen jälkeen
  • Keskiarvotulos 8 / 10
Vastaustilastot
Kysymys Vastaus % Oikein
Suriname
100%
Kazakstan
100%
Qatar
92%
Tunisia
92%
Andorra
83%
Iran
83%
Bangladesh
75%
Laos
75%
Libya
50%
Ruotsi
33%
Ehtoja vastaavia visoja ei löytynyt
Tulosjakauma
Jokaisen tuloksen saaneiden osuus
Persentiili vastausten määrän mukaan
Tuloshistoriasi
Et ole pelannut tätä visaa sen viimeisimmän päivityksen jälkeen